|
|
|
|
| LEADER |
00861pam a22002658a 4500 |
| 001 |
00036971 |
| 005 |
20171026081023.0 |
| 008 |
170412s2006 ||||||Viesd |
| 041 |
0 |
# |
|a Vie
|
| 082 |
1 |
# |
|a 780.92
|b M458TR
|
| 100 |
1 |
# |
|a Lưu, Văn Hy
|
| 245 |
0 |
0 |
|a 100 nhà soạn nhạc vĩ đại nhất lịch sử
|c Lưu Văn Hy
|
| 260 |
# |
# |
|a TP. Hồ Chí Minh
|b Tổng hợp TP. Hồ Chí Minh
|c 2006
|
| 300 |
# |
# |
|a 340tr.
|c 27 cm.
|
| 650 |
|
|
|a Âm nhạc
|
| 653 |
# |
# |
|a Nhạc sĩ
|
| 653 |
# |
# |
|a Tác phẩm
|
| 653 |
# |
# |
|a Tiểu sử
|
| 653 |
# |
# |
|a Thế giới
|
| 852 |
# |
# |
|b Kho mượn
|j KM.0020802, KM.0020876
|
| 852 |
# |
# |
|j KM.0020876
|j KD.0019825
|j KM.0020802
|
| 852 |
# |
# |
|b Kho đọc
|j KD.0019825
|
| 910 |
# |
# |
|d 12/04/2017
|
| 980 |
# |
# |
|a Trung tâm Học liệu Lê Vũ Hùng, Trường Đại học Đồng Tháp
|